The social history of art
Αποθηκεύτηκε σε:
| Κύριος συγγραφέας: | |
|---|---|
| Μορφή: | Βιβλίο |
| Γλώσσα: | English German |
| Δημοσίευση: |
London :
Routledge,
c1999.
|
| Έκδοση: | 3rd ed. |
| Θέματα: | |
| Ετικέτες: |
Προσθήκη ετικέτας
Δεν υπάρχουν, Καταχωρήστε ετικέτα πρώτοι!
|
MARC
| LEADER | 00000cam a2200000 i 4500 | ||
|---|---|---|---|
| 001 | 1/90962 | ||
| 008 | 080714s1999 enk| ||| |||| ||eng|| | ||
| 020 | |a 041519945X |q (τ. 1) | ||
| 020 | |a 0415199468 |q (τ. 2) | ||
| 020 | |a 0415199476 |q (τ. 3) | ||
| 020 | |a 0415199484 |q (τ. 4) | ||
| 020 | |a 041521386X |q (set) | ||
| 035 | |l 10098933 | ||
| 040 | |a GR-MyUa |b gre |e AACR2 | ||
| 041 | 1 | |a eng |h ger | |
| 082 | 0 | |a 709 |2 (22) | |
| 100 | 1 | |a Hauser, Arnold, |d 1892-1978. | |
| 245 | 1 | 4 | |a The social history of art / |c Arnold Hauser ; with an introduction by Jonathan Harris. |
| 250 | |a 3rd ed. | ||
| 260 | |a London : |b Routledge, |c c1999. | ||
| 300 | |a 4 τ. : |b εικ. ; |c 22 εκ. | ||
| 504 | |a Περιλαμβάνουν βιβλιογραφίες και ευρετήρια. | ||
| 505 | 8 | |a Τ. 1. From prehistoric times to the middle ages -- τ. 2. Renaissance, mannerism, baroque -- τ. 3. Rococo, classicism and romanticism -- τ. 4. Naturalism, impressionism, the film age. | |
| 650 | 0 | |a Art and society. | |
| 650 | 0 | |a Art |x History. | |
| 852 | |a INST |b SYROS |e 20080714 |h 709 HAU |p 005500005663 |q 005500005663 |t BK |y 0 |z τ.1 | ||
| 852 | |a INST |b SYROS |e 20080714 |h 709 HAU |p 005500005664 |q 005500005664 |t BK |y 0 |z τ.2 | ||
| 852 | |a INST |b SYROS |e 20080714 |h 709 HAU |p 005500005665 |q 005500005665 |t BK |y 0 |z τ.3 | ||
| 852 | |a INST |b SYROS |e 20080714 |h 709 HAU |p 005500005666 |q 005500005666 |t BK |y 0 |z τ.4 | ||
| 852 | |a INST |b SYROS |e 20080714 |h 709 HAU |p 005500005663 |q 005500005663 |t BK |v τ.1: |y 0 |z τ.1 | ||
| 852 | |a INST |b SYROS |e 20080714 |h 709 HAU |p 005500005664 |q 005500005664 |t BK |v τ.2: |y 0 |z τ.2 | ||
| 852 | |a INST |b SYROS |e 20080714 |h 709 HAU |p 005500005665 |q 005500005665 |t BK |v τ.3: |y 0 |z τ.3 | ||
| 852 | |a INST |b SYROS |e 20080714 |h 709 HAU |p 005500005666 |q 005500005666 |t BK |v τ.4: |y 0 |z τ.4 | ||
| 853 | |a INST |b SYROS |h 709 HAU | ||
| 901 | |a BIBL5-2008-2 | ||
| 922 | |a 5ΕΛΗ |b 200712 |c ΕΠΕΑΕΚ2/ΤΜΣΠΣ |d Ελευθερουδάκης | ||
| 970 | |a Καγιαβά |b Ειρήνη |z 14/07/2008 | ||